| 000 | 00769cam a2200253 a 4500 | ||
|---|---|---|---|
| 001 | 3977940 | ||
| 005 | 20231117003338.0 | ||
| 008 | 950425s1995 enk b 001 0 eng | ||
| 020 | _a0415098203 (hbk) | ||
| 020 | _a0415098211 (pbk) | ||
| 040 |
_aDLC _cDLC _dDLC |
||
| 082 | 0 | 0 |
_a305.42/01 _220 _bGRI |
| 100 | 1 | _aGriffiths, Morwenna, | |
| 245 | 1 | 0 |
_aFeminisms and the self : _bthe web of identity / _cMorwenna Griffiths. |
| 260 |
_aLondon ; _aNew York : _bRoutledge, _c1995. |
||
| 300 | _ax, 220 p. ; | ||
| 500 | _aSimultaneously published in the USA and Canada. | ||
| 650 | 0 | _aFeminist theory. | |
| 650 | 0 | _aIdentity (Psychology) | |
| 650 | 0 | _aChange. | |
| 650 | 0 | _aAutonomy. | |
| 856 | 4 | 2 | _uhttp://www.loc.gov/catdir/enhancements/fy0648/95009130-d.html |
| 942 | _cL | ||
| 999 |
_c23 _d23 |
||